000
00318nam a22001457a 4500
008
230531b ||||| |||| 00| 0 eng d
020
_a
9780077349684
041
_a
eng
080
_2
NINTH EDITION
_a
615
082
_a
615FAH
100
_a
16
101
_a
EGZ
245
_a
FIT & WELL
_c
FAHEY.D.TH
942
_2
udc
_c
BK
999
_c
59881
_d
59881